| 000 | 004980000a22001690004500 | ||
|---|---|---|---|
| 003 | LK-CoMWRAF | ||
| 005 | 20240203144547.0 | ||
| 008 | 230817t ||||| |||| 00| 0 eng d | ||
| 040 |
_aLK-CoMWRAF _dLK-CoMWRAF _eLK-CoMWRAF |
||
| 041 | _aeng | ||
| 082 |
_a320.082 _bWOM |
||
| 245 |
_aWomen in the current political scene: _ba compilation of case studies |
||
| 260 |
_aColombo: _bSouth Asia Partnership Sri Lanka _c2002 |
||
| 300 | _a36 p. : ill. | ||
| 650 | _aWOMEN-Political activities | ||
| 942 | _cBK | ||
| 999 |
_c460 _d460 |
||